000 00646nam a2200265Ia 4500
005 20260121171923.0
008 008 260114s9999 xx 000 0 eng d
020 _a9783030400606
037 _aEBOOK
040 _aCRL
040 _beng
040 _cCRL
041 _2eng
041 _aeng
084 _qCRL
100 _aCor van Montfort, Ank Michels
_91082088
245 0 _aPartnerships for Livable Cities
260 _bSpringer
260 _bSpringer
260 _c2020
856 _uhttps://link.springer.com/openurl?genre=book&isbn=978-3-030-40060-6
942 _cEBOOK
999 _c1647821
_d1647821